书目信息 |
| 题名: |
通假字汇释
|
|
| 作者: | 冯其镛 , 邓安生 纂著 | |
| 分册: | ||
| 出版信息: | 北京 北京大学出版社 2006 |
|
| 页数: | 10,60,1326页 | |
| 开本: | 26cm | |
| 丛书名: | ||
| 单 册: | ||
| 中图分类: | H122 | |
| 科图分类: | ||
| 主题词: | 汉字--通假字--注释 , 汉字 , 通假字 | |
| 电子资源: | ||
| ISBN: | 7-301-10411-1 | |
| 000 | 00948nam0 2200277 450 | |
| 001 | 012007027687 | |
| 005 | 20070522143225.60 | |
| 010 | @a7-301-10411-1@b精装@dCNY170.00 | |
| 100 | @a20060722d2006 km y0chiy0120 ea | |
| 101 | 0 | @achi |
| 102 | @aCN@b110000 | |
| 105 | @ay z 000yy | |
| 106 | @ar | |
| 200 | 1 | @a通假字汇释@Atong jia zi hui shi@f冯其镛,邓安生纂著@Ffeng qi yong,deng an sheng zuan zhu |
| 205 | @a第1版 | |
| 210 | @a北京@c北京大学出版社@d2006 | |
| 215 | @a10,60,1326页@d26cm | |
| 330 | @a本书对历史文献及业已整理出版的金石简帛文字,进行全面系统的梳理、考订,汇集近3600个通假字,通假字和本字分别标明今音、中古音、上古音,字条下列出通假字的本义、本字及其假借义项。 | |
| 606 | 0 | @a汉字@x通假字@x注释 |
| 606 | 0 | @a汉字 |
| 606 | 0 | @a通假字 |
| 690 | @aH122@v4 | |
| 701 | 0 | @a冯其镛@Afeng qi yong@f(1924~)@4纂著 |
| 701 | 0 | @a邓安生@Adeng an sheng@f(1944.5~)@4纂著 |
| 801 | 0 | @aCN@bRULIN@c20070522 |
| 905 | @dH122@e141@s8 | |
| 通假字汇释/冯其镛,邓安生纂著.-第1版.-北京:北京大学出版社,2006 |
| 10,60,1326页;26cm |
| ISBN 7-301-10411-1(精装):CNY170.00 |
| 本书对历史文献及业已整理出版的金石简帛文字,进行全面系统的梳理、考订,汇集近3600个通假字,通假字和本字分别标明今音、中古音、上古音,字条下列出通假字的本义、本字及其假借义项。 |
| ● |
| 相关链接 |
|
|
|
|
正题名:通假字汇释
索取号:H122/141
 
预约/预借
| 序号 | 登录号 | 条形码 | 馆藏地/架位号 | 状态 | 备注 |
| 1 | 0575857 | 205758571 | 第二样本阅览室/ [索取号:H122/141] | 在馆 | |
| 2 | 0575858 | 205758580 | 第四借阅区/ [索取号:H122/141] | 在馆 | |
| 3 | 0575859 | 205758599 | 第四借阅区/ [索取号:H122/141] | 在馆 | |
| 4 | 0575860 | 205758606 | 第四借阅区/ [索取号:H122/141] | 在馆 | |
| 5 | 0575861 | 205758615 | 第四借阅区/ [索取号:H122/141] | 在馆 | |
| 6 | 0575862 | 205758624 | 第四借阅区/ [索取号:H122/141] | 在馆 | |
| 7 | 0575863 | 205758633 | 第四借阅区/ [索取号:H122/141] | 在馆 | |
| 8 | 0575864 | 205758642 | 第四借阅区/ [索取号:H122/141] | 在馆 |